00264nam a2200109 a 450000500170000000800410001705000230005810000230008124500260010426000100013065000140014020140414131844.0100524s19uu xx 00 eng d aM 121.21bC36 1985 aCanonigo, Cristina aBooklet of knowledge. c1985. aKnowledge